10 Most Valuable Players Per Every Serie A Club - Statistics

General Stats
  • This quiz has been taken 16 times
  • The average score is 72 of 200
Answer Stats
Club Answer % Correct
Alessandro Bastoni
100%
Khephren Thuram
100%
Inter Milan Lautaro Martinez
100%
Marcus Thuram
100%
Nicolo Barella
100%
Napoli Scott McTominay
100%
Atalanta Ademola Lookman
92%
Christian Pulisic
92%
Denzel Dumfries
92%
Dusan Vlahovic
92%
Federico Dimarco
92%
AC Milan Rafael Leao
92%
Aaron Martin
85%
Jonathan David
85%
Kenan Yildiz
85%
Kevin De Bruyne
85%
Como Nico Paz
85%
Santiago Gimenez
85%
Juventus Bremer
77%
Charles De Ketelaere
77%
Hakan Calhanoglu
77%
Ismael Kone
77%
Manuel Locatelli
77%
Roma Manu Kone
77%
Fiorentina Moise Kean
77%
Riccardo Orsolini
77%
Romelu Lukaku
77%
Stanislav Lobotka
77%
Alessandro Buongiorno
69%
Fikayo Tomori
69%
Frank Anguissa
69%
Gianluca Mancini
69%
Matias Soule
69%
Mike Maignan
69%
Teun Koopmeiners
69%
Yann Bisseck
69%
Andrea Cambiaso
62%
Artem Dovbyk
62%
Davide Frattesi
62%
Francisco Conceicao
62%
Gianluca Scamacca
62%
Noa Lang
62%
Samuele Ricci
62%
Albbert Gudmundsson
54%
Ardon Jashari
54%
Boulaye Dia
54%
David Neres
54%
Domenico Berardi
54%
Evan Ferguson
54%
Giorgio Scalvini
54%
Lewis Ferguson
54%
Lorenzo Lucca
54%
Marco Carnesecchi
54%
Lazio Matteo Guendouzi
54%
Pervis Estupinan
54%
Bologna Santiago Castro
54%
Sebastiano Esposito
54%
Youssouf Fofana
54%
Alvaro Morata
46%
Dodo
46%
Ederson
46%
Lecce Francesco Camarda
46%
Gabriele Zappa
46%
Isak Hien
46%
Leon Bailey
46%
Mario Gila
46%
Mattia Zaccagni
46%
Mile Svilar
46%
Nicolo Fagioli
46%
Nicolo Rovella
46%
Pierre Kalulu
46%
Rolando Mandragora
46%
Arnaud Lauriente
38%
Assane Diao
38%
Carlos Augusto
38%
Evan Ndicka
38%
Federico Baschirotto
38%
Giovanni Fabbian
38%
Gustav Isaksen
38%
Idrissa Toure
38%
Lameck Banda
38%
Nuno Tavares
38%
Sam Beukema
38%
Taty Castellanos
38%
Anastasios Douvikas
31%
Angelino
31%
Antonino Gallo
31%
Cesare Casadei
31%
Che Adams
31%
Emil Audero
31%
Jhon Lucumi
31%
Maduka Okoye
31%
Marin Pongracic
31%
Martin Baturina
31%
Matteo Tramoni
31%
Maximo Perrone
31%
Nikola Vlasic
31%
Pietro Comuzzo
31%
Raoul Bellanova
31%
Cagliari Roberto Piccoli
31%
Sandi Lovric
31%
Wesley
31%
Parma Zion Suzuki
31%
Adrian Bernabe
23%
Alessandro Circati
23%
Antonio Sanabria
23%
Arthur Atta
23%
Benja Dominguez
23%
Daniel Boloca
23%
Giovane
23%
Torino Ivan Ilic
23%
Jens Odgaard
23%
Jesus Rodriguez
23%
Jurgen Ekkelenkamp
23%
Lazar Samardzic
23%
Leo Ostigard
23%
Lorenzo Colombo
23%
Luca Ranieri
23%
Lucas Da Cunha
23%
Martin Payero
23%
Martin Vitik
23%
Mateo Pellegrino
23%
M’Bala Nzola
23%
Michael Folorunsho
23%
Pisa Michel Aebischer
23%
Genoa Morten Frendrup
23%
Udinese Oumar Solet
23%
Saul Coco
23%
Thijs Dallinga
23%
Thomas Kristensen
23%
Tomas Suslov
23%
Adrian Semper
15%
Cyril Ngonge
15%
Elia Caprile
15%
Enrico Delprato
15%
Gvidas Gineitis
15%
Isak Vural
15%
Jay Idzes
15%
Jeff Ekhator
15%
Johan Vasquez
15%
Juan Miranda
15%
Koni De Winter
15%
Mandela Keita
15%
Maxence Caqueret
15%
Michele Collocolo
15%
Nicolas Kuhn
15%
Nicolo Bertola
15%
Odilon Kossounou
15%
Riccardo Sottil
15%
Samuele Angori
15%
Sebastiano Luperto
15%
Suat Serdar
15%
Tarik Muharemovic
15%
Valentin Carboni
15%
Wladimiro Falcone
15%
Albert Gronbaek
8%
Alessio Zerbin
8%
Amin Sarr
8%
Antoine Bernede
8%
Ardian Ismajli
8%
Aster Vranckx
8%
Cheikh Niasse
8%
Christos Mandas
8%
Dennis Johnsen
8%
Esmevanio Kialonda Gaspar
8%
Filippo Terracciano
8%
Gianluca Gaetano
8%
Jacob Ondrejka
8%
Jacopo Fazzini
8%
Jamil Siebert
8%
Jari Vandeputte
8%
Kristian Thorstvedt
8%
Lennon Miller
8%
Lucas Beltran
8%
Matija Frigan
8%
Patrizio Masini
8%
Semih Kilicsoy
8%
Simone Canestrelli
8%
Thorir Johann Helgason
8%
Tino Anjorin
8%
Vitinha
8%
Cremonese Warren Bondo
8%
Youssef Maleh
8%
Zakaria Aboukhlal
8%
Zito Luvumbo
8%
Alexander Lind
0%
Sassuolo Andrea Pinamoni
0%
Christian Ordonez
0%
Domagoj Bradaric
0%
Gabriele Piccinini
0%
Matteo Prati
0%
Nicolas Valentini
0%
Oliver Sorensen
0%
Reda Belahyame
0%
Saba Goglichidze
0%
Santiago Pierotti
0%
Simone Pafundi
0%
Stefano Turati
0%
Unai Nunez
0%
Hellas Verona Victor Nelsson
0%
No matching quizzes found
Score Distribution
Percent of People with Each Score
Percentile by Number Answered
Your Score History
You have not taken this quiz